书目信息 |
| 题名: |
日本流通领域的全面革新
|
|
| 作者: | 黄磷 | |
| 分册: | ||
| 出版信息: | 上海远东出版社 1997.12 |
|
| 页数: | 144页 | |
| 开本: | 大32开 | |
| 丛书名: | ||
| 单 册: | ||
| 中图分类: | F293.313 | |
| 科图分类: | ||
| 主题词: | 城市经济 , 市政经济 | |
| 电子资源: | ||
| ISBN: | 7-80613-661-4 | |
| 000 | 00566nam0 2200205 45 | |
| 001 | 0308271077 | |
| 005 | 20030827105700.2 | |
| 010 | @a7-80613-661-4@dRMB10.00 | |
| 100 | @a20030827d1997 km y0chiy0120 ea | |
| 101 | @achi | |
| 105 | @a z 000yy | |
| 200 | 1 | @a日本流通领域的全面革新@Ari ben liu tong ling yu de quan mian ge xin@f黄磷@Fhuang lin |
| 210 | @c上海远东出版社@d1997.12 | |
| 215 | @a144页@c无图表@d大32开 | |
| 606 | 0 | @a城市经济 |
| 606 | 0 | @a市政经济 |
| 690 | @aF293.313@v3 | |
| 701 | 0 | @a黄磷 |
| 801 | @aCN@b@c20030827 | |
| 905 | @aBZT@dF293.313@e28 | |
| 日本流通领域的全面革新/黄磷.-上海远东出版社,1997.12 |
| 144页:无图表;大32开 |
| ISBN 7-80613-661-4:RMB10.00 |
| ● |
| 相关链接 |
|
|
|
正题名:日本流通领域的全面革新
索取号:F293.313/28
 
预约/预借
| 序号 | 登录号 | 条形码 | 馆藏地/架位号 | 状态 | 备注 |
| 1 | 87048 | 200484822 | 中心书库北库/ 北库016架A面4列4层1/ [索取号:F293.313/28] | 在馆 | |
| 2 | 87049 | 200484797 | 中心书库北库/ 北库016架A面4列4层3/ [索取号:F293.313/28] | 在馆 | |
| 3 | 87050 | 200484813 | 中心书库北库/ 北库016架A面4列4层2/ [索取号:F293.313/28] | 在馆 |